Direito constitucional / (Record no. 394)

MARC details
000 -LÍDER
Campo Fixo de Controle 00702nam a2200241 a 4500
001 - NÚMERO DE CONTROLE
Campo de Controle 394
003 - IDENTIFICAÇÃO DO NÚMERO DE CONTROLE
Campo de Controle BR-CuiBMT
005 - DATA E HORA DA ÚLTIMA ATUALIZAÇÃO
Campo de Controle 20231214170935.0
008 - DADOS FIXOS
Dados Fixos 231103s2009 spba 001 0 por d
020 ## - INTERNATIONAL STANDARD BOOK NUMBER
Nº do ISBN 9788522454013
040 ## - AGÊNCIA CATALOGADORA
Código da Agência Catalogadora BR-CuiBMT
Agência que transcreveu o registro BR-CuiBMT
080 ## - Nº DA CLASSIFICAÇÃO DECIMAL UNIVERSAL
Nº edição CDU 2007
Nº Class. CDU 342
090 ## - NÚMERO DE CHAMADA
Nº classificação 342
Cutter M827d
Ano/Edição 24. ed.
100 1# - ENTRADA PRINCIPAL -- AUTOR PESSOAL
Nome pessoal Moraes, Alexandre de,
Datas associadas ao nome 1968-
245 10 - TÍTULO PRINCIPAL
Título principal Direito constitucional /
Indicação de responsabilidade Alexandre de Moraes.
250 ## - EDIÇÃO
Edição 24. ed.
260 ## - PUBLICAÇÃO, DISTRIBUIÇÃO, ETC.
Local de publicação São Paulo :
Editora Atlas,
Data 2009.
300 ## - DESCRIÇÃO FÍSICA
N. páginas ou volumes 914 p. :
Ilustrações il. ;
Dimensões 25 cm +
Material adicional 1 CD-ROM
500 ## - NOTAS GERAIS
Notas gerais Edição atualizada até a EC nº 57/08.
504 ## - NOTA DE BIBLIOGRAFIA, ETC.
Nota de bibliografia Inclui bibliografia e índice.
650 ## - ASSUNTO TÓPICO
Cabeçalho tópico ou nome geográfico Direito constitucional
Subdivisão geográfica Brasil
942 ## - ELEMENTOS DE ENTRADA ADICIONAIS (KOHA)
Fonte de classificação ou esquema de arquivamento Classificação Decimal Universal
Tipo de item do Koha Livros
Holdings
Estado: removido Estado: perdido Fonte de classificação ou esquema de arquivamento Estado: danificado Indisponível para empréstimo Localização permanente Localização atual Data de aquisição Total Checkouts Número de Chamada completo Código de barras Date last seen Número do exemplar Preço efetivo a partir de Tipo de item (Koha) Especificação Nota pública
    Classificação Decimal Universal     Biblioteca da Escola Superior de Contas do TCE/MT Biblioteca da Escola Superior de Contas do TCE/MT 03/11/2023   342 M827d 24. ed. BIBTCEMT23110110 03/11/2023 Ex. 1 03/11/2023 Livros    
    Classificação Decimal Universal     Biblioteca da Escola Superior de Contas do TCE/MT Biblioteca da Escola Superior de Contas do TCE/MT 03/11/2023   342 M827d 24. ed. BIBTCEMT23110111 03/11/2023 Ex. 1 03/11/2023 CD-ROM Material adicional do Ex. 1 do livro CD-ROM

Powered by Koha